• 首页
  • 本馆介绍
  • 公告通知
  • 最新文献
  • 馆藏检索
  • 电子资源
  • 读者导购
  • 参考咨询
  • 我的图书馆
  • 登录
  • 详细信息显示
  • 放入我的书架
  • 预约/预借图书
  • 作者相关作品
  • 分类相关作品
  • 丛书相关作品
  • 出版社相关作品

书目信息

  • 表格格式
  • 工作单格式
  • 卡片格式
题名:
英语核心素养下的本土文化教学
    
 
作者: 李细娟 主编
分册:  
出版信息: 长春   东北师范大学出版社  2021
页数: 143页
开本: 24cm
丛书名: 名师名校名校长书系
单 册:
中图分类: G633.412
科图分类:
主题词: 英语课--教学研究--中学
电子资源:
ISBN: 978-7-5681-7537-1
000 00979nam0 2200241 450
001 2375209466
005 20231022205337.07
010    @a978-7-5681-7537-1@dCNY45.00
100    @a20220411d2021 em y0chiy50 ea
101 0  @achi@aeng
102    @aCN@b220000
105    @aa z 000yy
200 1  @a英语核心素养下的本土文化教学@Aying yu he xin su yang xia de ben tu wen hua jiao xue@f李细娟主编
210    @a长春@c东北师范大学出版社@d2021
215    @a143页@c图,照片@d24cm
225 1  @a名师名校名校长书系
330    @a本书以立足学生发展的英语学科核心素养为导向,以新丰文化为载体,以用英语推广新丰文化为目标,旨在让读者了解新丰文化,培养文化意识和文化自信,并辩证地看待新丰文化以及创新性地传承和发扬新丰文化,传播中华文化。书中分为校本课程、教学设计、成果集锦三辑内容。
410  0 @12001 @a名师名校名校长书系
606 0  @a英语课@x教学研究@x中学
690    @aG633.412@v5
701  0 @a李细娟@Ali xi juan@4主编
801  0 @aCN@b91MARC@c20220506
905    @aZUCC@dG633.412@e12
    
    英语核心素养下的本土文化教学/李细娟主编.-长春:东北师范大学出版社,2021
    143页:图,照片;24cm.-(名师名校名校长书系)
    
    
    ISBN 978-7-5681-7537-1:CNY45.00
    本书以立足学生发展的英语学科核心素养为导向,以新丰文化为载体,以用英语推广新丰文化为目标,旨在让读者了解新丰文化,培养文化意识和文化自信,并辩证地看待新丰文化以及创新性地传承和发扬新丰文化,传播中华文化。书中分为校本课程、教学设计、成果集锦三辑内容。
●
相关链接 在五车中查询图书 在当当中查询图书 在豆瓣中查询图书


正题名:英语核心素养下的本土文化教学     索取号:G633.412/12         预约/预借

序号 登录号 条形码 馆藏地/架位号 状态 备注
1 2001034155   2001034155   第四书库/四8架A面3层2列/ [索取号:G633.412/12] 在馆    
2 2001034156   2001034156   第四书库/四8架A面3层2列/ [索取号:G633.412/12] 在馆    
3 2001034157   2001034157   第四书库/四8架A面3层2列/ [索取号:G633.412/12] 在馆    
4 2001034158   2001034158   第四书库/四8架A面3层2列/ [索取号:G633.412/12] 在馆    
5 2001034159   2001034159   第四书库/四8架A面3层2列/ [索取号:G633.412/12] 在馆    
6 2001034160   2001034160   第四书库/四8架A面3层2列/ [索取号:G633.412/12] 在馆    
山东省滨州职业学院图书馆 欢迎您!
大连网信软件有限公司© 版权所有